Recognition of United States - Statistics

General Stats
  • This quiz has been taken 31 times
  • The average score is 8 of 15
Answer Stats
Year Country % Correct
1783 Great Britain
100%
1778 France
92%
1783 Spain
92%
1791 Portugal
88%
1792 Denmark
73%
1783 Sweden
73%
1782 Netherlands
69%
1785 Prussia
50%
1777 Morocco
42%
1782 Venice
31%
1784 Papal States
27%
1791 Genoa
19%
1794 Bremen
12%
1790 Hamburg
8%
1783 Ragusa
4%
No matching quizzes found
Score Distribution
Percent of People with Each Score
Percentile by Number Answered
Your Score History
You have not taken this quiz